000 00640nam a22002417a 4500
003 URS
005 20250828100510.0
008 250317b ||||| |||| 00| 0 eng d
020 _a9789810695835
040 _cURS
050 _aHD58.7
_b.R62 2011
100 1 _94655
_aRobbins, Stephen P.,
_d1943-
245 _aOrganizational Behavior
250 _a14th Edition
264 _aBoston
_bPearson
_c©2011
300 _a720 pages.,:
336 _2rdacontent
_atext
337 _2rdamedia
_aunmediated
338 _2rdacarrier
_avolume
650 0 _91723
_aOrganizational behavior
700 _911257
_aJudge, Timothy A.
942 _2lcc
_cR
999 _c84978
_d84976